[Event "Test Tournament"]
[Site "SchemingMind.com"]
[Date "2014.02.25"]
[Round "-"]
[White "ray winteringham"]
[Black "Sully7"]
[Result "0-1"]
[WhiteCountry "ENG"]
[BlackCountry "IRL"]
[WhiteElo "1458"]
[WhiteRD "54"]
[BlackElo "2084"]
[BlackRD "64"]
[GameID "348541"]

1. f4 g6 2. Nf3 Bg7 3. g3 Nc6 4. Bg2 d5 5. d4 Nf6 6. O-O Bf5 7. c3 Qd6 8. Ne5 O-O 9. e3 a5 10. a4 Qe6
11. Bd2 Nxe5 12. fxe5 Ne4 13. Be1 Bh6 14. Qe2 f6 15. Nd2 fxe5 16. Nxe4 Bxe4 17. Bxe4 dxe4 18. Bd2 exd4 19. cxd4 Rf7 20. Rfe1 Raf8
21. Bxa5 Rf2 22. Qb5 Qh3 23. Qd5+ Kh8
0-1

[Event "Test Tournament"]
[Site "SchemingMind.com"]
[Date "2014.02.28"]
[Round "-"]
[White "kenneth m day"]
[Black "Ulrich Klapp"]
[Result "1-0"]
[WhiteCountry "USA"]
[BlackCountry "GER"]
[WhiteElo "1769"]
[WhiteRD "48"]
[BlackElo "1625"]
[BlackRD "86"]
[GameID "348646"]

1. f4 c5 2. e4 e6 3. Nc3 Ne7 4. Bb5 Nec6 5. Nf3 Nd4 6. O-O Qc7 7. d3 Be7 8. Ba4 Nbc6 9. Be3 Bf6 10. f5 e5
11. Ne2 Qd8 12. c3 Nxe2+ 13. Qxe2 b6 14. Rad1 Qc7 15. Bb3 O-O 16. Ng5 h6 17. Nh3 d6 18. Qg4 Kh7 19. Qh5 a5 20. Nf2 Qe7
21. Ng4 Bg5 22. Rde1 Bxe3+ 23. Rxe3 Ba6 24. h4 f6 25. Qg6+ Kh8 26. Rg3 Rad8 27. Rff3 Rc8 28. Ne3 Bxd3 29. Nd5 Qa7 30. Rxd3 Rb8
31. Qh5
1-0

[Event "Test Tournament"]
[Site "SchemingMind.com"]
[Date "2014.02.27"]
[Round "-"]
[White "Ulrich Klapp"]
[Black "kenneth m day"]
[Result "0-1"]
[WhiteCountry "GER"]
[BlackCountry "USA"]
[WhiteElo "1649"]
[WhiteRD "84"]
[BlackElo "1767"]
[BlackRD "48"]
[GameID "348647"]

1. f4 e5 2. fxe5 d6 3. exd6 Bxd6 4. g3 Nf6 5. Bg2 Bg4 6. d3 Nc6 7. Be3 O-O 8. Qd2 Re8 9. Bxc6 bxc6 10. Nc3 Qe7
11. O-O-O Qxe3 12. Qxe3 Rxe3 13. Rf1 Nd5 14. Ne4 f5 15. Ng5 Rae8 16. c4 Nb6 17. N5f3 Bxf3 18. Nxf3 Rxe2 19. Re1 Rxe1+ 20. Nxe1 Re2
21. Nf3 Nd7 22. Nd4 Rf2 23. Re1 c5 24. Nb5 a6 25. Na7 Be5 26. Nc6 Bxb2+ 27. Kb1 Bf6 28. Re8+ Kf7 29. Ra8 Rb2+ 30. Ka1 Rb8+
0-1

[Event "Test Tournament"]
[Site "SchemingMind.com"]
[Date "2014.03.12"]
[Round "-"]
[White "lollipophugo"]
[Black "Till Plewe"]
[Result "0-1"]
[WhiteCountry "AUS"]
[BlackCountry "JPN"]
[WhiteElo "1833"]
[WhiteRD "103"]
[BlackElo "2358"]
[BlackRD "69"]
[GameID "349125"]

1. f4 Nf6 2. Nc3 d5 3. Nf3 d4 4. Nb5 c5 5. a4 Nc6 6. c3 Bf5 7. h3 e6 8. g4 Be4 9. Bg2 a6 10. Na3 d3
11. O-O dxe2 12. Qxe2 Bd3
0-1

[Event "Test Tournament"]
[Site "SchemingMind.com"]
[Date "2014.03.12"]
[Round "-"]
[White "Till Plewe"]
[Black "lollipophugo"]
[Result "1-0"]
[WhiteCountry "JPN"]
[BlackCountry "AUS"]
[WhiteElo "2358"]
[WhiteRD "69"]
[BlackElo "1833"]
[BlackRD "103"]
[GameID "349126"]

1. f4 d5 2. Nf3 g6 3. g3 Bg7 4. Bg2 c5 5. O-O Nc6 6. d3 Bg4 7. c3 Nf6 8. Ne5 O-O 9. Nxg4 Nxg4 10. Qb3 e6
11. Qxb7
1-0

[Event "Test Tournament"]
[Site "SchemingMind.com"]
[Date "2014.03.26"]
[Round "-"]
[White "Ilang"]
[Black "Till Plewe"]
[Result "1/2-1/2"]
[WhiteCountry "HUN"]
[BlackCountry "JPN"]
[WhiteElo "2349"]
[WhiteRD "82"]
[BlackElo "2348"]
[BlackRD "69"]
[GameID "351863"]

1. f4 Nf6 2. Nf3 d5 3. e3 g6 4. c4 Bg7 5. cxd5 Nxd5 6. Nc3 O-O 7. Qb3 Nxc3 8. bxc3 c5 9. Be2 Nc6 10. O-O b6
11. d4 Be6 12. Qa3 Na5 13. Rd1 Bc4 14. Bxc4 Nxc4 15. Qb3 Na5 16. Qc2 Qd5 17. e4 Qc4 18. Qd3 Rac8 19. e5 cxd4 20. Qxd4 Qxc3
21. Qxc3 Rxc3 22. Bd2 Rc4 23. Bxa5 bxa5 24. g3 f6 25. exf6 Bxf6 26. Rac1 Rfc8 27. Rd8+ Rxd8 28. Rxc4 Rd3 29. Kg2= Ra3 30. Rc2 Kf7
31. Nd2 Ke6 32. Nc4 Rc3 33. Re2+ Kd5 34. Nxa5 g5 35. Rd2+ Ke4 36. fxg5 Bxg5 37. Rd7 a6 38. Kh3 h5 39. Nb3 e5 40. Rh7 h4
41. Rh5 Bd8 42. Rh8 Bf6 43. Rh6 Kf5 44. Nd2 Bg5 45. Rh5 Rd3 46. Nc4 e4 47. Rh8 hxg3 48. hxg3 Rd4 49. Rf8+ Ke6 50. Kg4 Rxc4
51. Kxg5 Rc1 52. Rf5 Rc3 53. g4 Rf3 54. a3 Rxa3=
1/2-1/2

[Event "Test Tournament"]
[Site "SchemingMind.com"]
[Date "2014.03.25"]
[Round "-"]
[White "Till Plewe"]
[Black "Ilang"]
[Result "1/2-1/2"]
[WhiteCountry "JPN"]
[BlackCountry "HUN"]
[WhiteElo "2348"]
[WhiteRD "69"]
[BlackElo "2349"]
[BlackRD "82"]
[GameID "351864"]

1. f4 d5 2. Nf3 Nf6 3. g3 g6 4. Bg2 Bg7 5. O-O O-O 6. d3 c5 7. Qe1 Nc6 8. e4 dxe4 9. dxe4 e5 10. Nc3 Nd4
11. Qd2 exf4 12. gxf4 Be6 13. e5 Ng4 14. h3 Nh6 15. Ng5 Bc4 16. Rf2 Nhf5 17. b3 Ba6=
1/2-1/2

[Event "Test Tournament"]
[Site "SchemingMind.com"]
[Date "2014.04.01"]
[Round "-"]
[White "kenneth m day"]
[Black "Munny"]
[Result "1/2-1/2"]
[WhiteCountry "USA"]
[BlackCountry "GER"]
[WhiteElo "1769"]
[WhiteRD "48"]
[BlackElo "2291"]
[BlackRD "82"]
[GameID "354178"]

1. f4 e5 2. fxe5 d6 3. exd6 Bxd6 4. Nf3 g5 5. g3 g4 6. Nh4 Nc6 7. Bg2 Bd7 8. O-O Be7 9. d4 Bxh4 10. gxh4 Qxh4
11. Bf4 O-O-O 12. Nc3 Nge7 13. Qd3 Bf5 14. Bg3 Qh5 15. Qe3 Bg6 16. Rad1 Nf5 17. Qf4 Nxg3 18. hxg3 Rd6 19. a3 Rhd8 20. d5 Ne5
21. e4 a6 22. Rd4 f6=
1/2-1/2

[Event "Test Tournament"]
[Site "SchemingMind.com"]
[Date "2014.04.02"]
[Round "-"]
[White "Munny"]
[Black "kenneth m day"]
[Result "1-0"]
[WhiteCountry "GER"]
[BlackCountry "USA"]
[WhiteElo "2291"]
[WhiteRD "82"]
[BlackElo "1769"]
[BlackRD "48"]
[GameID "354179"]

1. f4 d5 2. Nf3 Nf6 3. g3 c5 4. Bg2 Nc6 5. O-O e6 6. d3 Be7 7. Nc3 O-O 8. e4 dxe4 9. dxe4 Nd4 10. Be3 b6
11. Nxd4 cxd4 12. Bxd4 Rb8 13. Be5 Rb7 14. Qe2 Rd7 15. Rad1 Bb7 16. Bxf6 Bxf6 17. e5 Bxg2 18. Kxg2 Be7 19. Rxd7 Qxd7 20. Rd1 Qc6+
21. Qe4 Qxe4+ 22. Nxe4 Rc8 23. c3 h6 24. Rd7 Bc5 25. Rxa7 Be3 26. Rxf7 Rxc3 27. Rxg7+ Kxg7 28. Nxc3 Bc1 29. b3 Bd2 30. Ne4 Bb4
31. Kf3 Kg6 32. g4 Ba3 33. h4 Be7 34. h5+ Kf7 35. g5 hxg5 36. Nxg5+
1-0

[Event "Test Tournament"]
[Site "SchemingMind.com"]
[Date "2014.04.30"]
[Round "-"]
[White "elmar"]
[Black "Mariazb"]
[Result "0-1"]
[WhiteCountry "AZE"]
[BlackCountry "ARG"]
[WhiteElo "2061"]
[WhiteRD "71"]
[BlackElo "2368"]
[BlackRD "97"]
[GameID "357383"]

1. f4 d5 2. Nf3 g6 3. g3 Bg7 4. Bg2 Nf6 5. O-O O-O 6. d3 c5 7. c3 Nc6 8. Qc2 d4 9. Qb3 Rb8 10. Qa3 b6
11. Ne5 Nxe5 12. fxe5 Ng4 13. Qxa7 Bxe5 14. h3 Ne3 15. Bxe3 dxe3 16. Rf3 Bb7 17. Rxe3 Bd4 18. cxd4 Qxd4 19. Kf2 Bxg2 20. Nc3 f5
0-1

[Event "Test Tournament"]
[Site "SchemingMind.com"]
[Date "2014.04.29"]
[Round "-"]
[White "Mariazb"]
[Black "elmar"]
[Result "1-0"]
[WhiteCountry "ARG"]
[BlackCountry "AZE"]
[WhiteElo "2368"]
[WhiteRD "97"]
[BlackElo "2061"]
[BlackRD "71"]
[GameID "357384"]

1. f4 e5 2. e4 exf4 3. Nf3 d5 4. exd5 Nf6 5. Bc4 Nxd5 6. O-O Be7 7. d4 Nc6 8. Bxd5 Qxd5 9. Bxf4 Bg4 10. Nc3 Qa5
11. Qd3 O-O-O 12. Nb5 a6 13. a4 Rd7 14. c3 Bxf3 15. Bxc7 Rxc7 16. b4 Bxb4 17. cxb4 Nxb4 18. Qxf3 Rd7 19. Qg4 Rd8 20. Nd6+ Kb8
21. Nxf7
1-0

[Event "Test Tournament"]
[Site "SchemingMind.com"]
[Date "2014.05.28"]
[Round "-"]
[White "Mariazb"]
[Black "Sully7"]
[Result "1-0"]
[WhiteCountry "ARG"]
[BlackCountry "IRL"]
[WhiteElo "2397"]
[WhiteRD "89"]
[BlackElo "2212"]
[BlackRD "69"]
[GameID "358981"]

1. f4 Nf6 2. Nf3 g6 3. e3 c5 4. Nc3 Bg7 5. b3 O-O 6. Bb2 d5 7. Na4 Qd6 8. Be2 d4 9. exd4 cxd4 10. Bxd4 Qxf4
11. O-O Nc6 12. Bc3 Ng4 13. Bxg7 Kxg7 14. h3 h5 15. Qe1 Nd4 16. hxg4 Nxc2 17. Qd1 Nxa1 18. Qxa1+ f6 19. gxh5 Rh8 20. hxg6 Bg4
21. Nc5 Rh5 22. Qc3 Rah8 23. Kf2 Kxg6 24. Re1 Rh2 25. Qd3+ Kg7 26. Qd5 Rh1 27. Ne6+ Bxe6 28. Qxe6 Qd6 29. Qxd6 exd6 30. Bf1 Kf8
31. Re6
1-0

[Event "Test Tournament"]
[Site "SchemingMind.com"]
[Date "2014.05.27"]
[Round "-"]
[White "Sully7"]
[Black "Mariazb"]
[Result "0-1"]
[WhiteCountry "IRL"]
[BlackCountry "ARG"]
[WhiteElo "2185"]
[WhiteRD "66"]
[BlackElo "2393"]
[BlackRD "97"]
[GameID "358982"]

1. f4 d5 2. e3 Nf6 3. Nf3 g6 4. c4 Bg7 5. d4 c6 6. Nc3 O-O 7. Qb3 e6 8. Be2 c5 9. dxc5 Na6 10. Qa3 Ne4
11. cxd5 Naxc5 12. Nxe4 Nxe4 13. dxe6 Bxe6 14. O-O Qb6 15. Rd1 Rac8 16. Nd4 Bd5 17. f5 Rfe8 18. fxg6 hxg6 19. Bf3 Be5 20. g3 Bxd4
21. Rxd4 Qf6 22. Bxe4 Bxe4 23. Rxe4 Rxe4 24. Bd2 Rc2 25. Qd3 Qxb2
0-1

[Event "Test Tournament"]
[Site "SchemingMind.com"]
[Date "2014.07.11"]
[Round "-"]
[White "Till Plewe"]
[Black "Mariazb"]
[Result "1-0"]
[WhiteCountry "JPN"]
[BlackCountry "ARG"]
[WhiteElo "2394"]
[WhiteRD "74"]
[BlackElo "2393"]
[BlackRD "90"]
[GameID "361145"]

1. f4 e5 2. fxe5 d6 3. exd6 Bxd6 4. Nf3 g5 5. g3 g4 6. Nh4 Ne7 7. d4 Ng6 8. Nxg6 hxg6 9. Qd3 Nc6 10. c3 Qe7
11. Bg2 Bd7 12. Nd2 O-O-O 13. Ne4 Rh5 14. Nxd6+ cxd6 15. Qe3 Be6 16. h4 gxh3 17. Bf3 Rdh8 18. Bxh5 Rxh5 19. Rh2 Bf5 20. Qxe7 Nxe7
21. Kf2 Nd5 22. e4 Bxe4 23. g4 Rh8 24. Kg3 Bg2 25. Bg5
1-0

[Event "Test Tournament"]
[Site "SchemingMind.com"]
[Date "2014.08.23"]
[Round "-"]
[White "Till Plewe"]
[Black "Munny"]
[Result "1/2-1/2"]
[WhiteCountry "JPN"]
[BlackCountry "GER"]
[WhiteElo "2373"]
[WhiteRD "75"]
[BlackElo "2339"]
[BlackRD "82"]
[GameID "363273"]

1. f4 e5 2. fxe5 d6 3. exd6 Bxd6 4. Nf3 g5 5. g3 g4 6. Nh4 Ne7 7. d4 Ng6 8. Nxg6 hxg6 9. Qd3 Nc6 10. c3 Bf5
11. e4 Qe7 12. Bg2 O-O-O 13. Be3 Bd7 14. Bf2 f5 15. Nd2 fxe4 16. Bxe4 Rdf8 17. Qe3 Bf5 18. O-O-O a6 19. d5 Ne5 20. Bxf5+ Rxf5
21. Ne4 Rhf8 22. Rhe1 Nf3 23. Re2 Re5 24. Qd3 Re8 25. Nxd6+ Qxd6 26. Rxe5 Nxe5 27. Qe4 Qf8 28. Bd4 Qf3 29. Qc2 Nc4 30. Qxg6 Re2
31. Qg8+ Kd7 32. Qh7+ Kc8 33. Qg8+=
1/2-1/2

[Event "Test Tournament"]
[Site "SchemingMind.com"]
[Date "2014.08.23"]
[Round "-"]
[White "Munny"]
[Black "Till Plewe"]
[Result "1/2-1/2"]
[WhiteCountry "GER"]
[BlackCountry "JPN"]
[WhiteElo "2339"]
[WhiteRD "82"]
[BlackElo "2373"]
[BlackRD "75"]
[GameID "363274"]

1. f4 Nf6 2. Nf3 d5 3. g3 g6 4. Bg2 Bg7 5. O-O O-O 6. d3 c5 7. Qe1 Nc6 8. e4 dxe4 9. dxe4 e5 10. Nc3 Nd4
11. Qd2 exf4 12. gxf4 Ng4 13. Nd1 Be6 14. c3 Nxf3+ 15. Bxf3 Qxd2 16. Bxd2 Rad8 17. Bc1 h5 18. h3 Nf6 19. Nf2 Rd7 20. Be3 b6
21. Rfd1 Rfd8 22. Rxd7 Rxd7 23. a4 a5 24. Kg2 Ne8 25. e5 Nc7 26. Rd1 Kf8 27. Ne4 Rxd1 28. Bxd1 Nd5 29. Bd2 Bh6 30. Ng5 Bxg5
31. fxg5 Ke7 32. h4 Bf5 33. Kg3 Ke6 34. Bf4= Bd3 35. Bb3 c4 36. Bd1 Kf5 37. Bd2 Kxe5 38. Bf3 Bc2 39. Bxd5 Kxd5 40. Be3 Kc6
41. Kf4 Bxa4 42. Ke5 b5 43. Bd2 Bc2 44. Be1 Kc5=
1/2-1/2